Normal view MARC view

Entry Topical Term

Number of records used in: 1

001 - CONTROL NUMBER

  • control field: 237964

003 - CONTROL NUMBER IDENTIFIER

  • control field: OSt

005 - DATE AND TIME OF LATEST TRANSACTION

  • control field: 20250830094709.0

008 - FIXED-LENGTH DATA ELEMENTS

  • fixed length control field: 250830|| aca||aabn | a|a d

040 ## - CATALOGING SOURCE

  • Original cataloging agency: OSt
  • Transcribing agency: OSt

150 ## - HEADING--TOPICAL TERM

  • Topical term or geographic name entry element: Accountancy

670 ## - SOURCE DATA FOUND

  • Source citation: Work cat.: (OSt)85249: PATTANASHETTI (C C). ಪಟ್ಟಣಶೆಟ್ಟಿ (ಸಿ ಸಿ) 237962, Gananashastrapravesha., 1972